000 00273nam a2200097Ia 4500
005 20251222114357.0
008 251222s1900||||xx |||||||||||||| ||spa||
082 _aDVD0125/R68/2003
245 0 _aJoaquĆ­n Sabina en concierto desde el teatro de Rex de Buenos Aires:
942 _cDVD
999 _c1468
_d1468